000
00339 a2200157 4500
001
69336
020
_a
040
_c
Anchieta - Itaigara
100
_a
Gouveia, Luis Augusto
240
1
0
_a
Ouvindo estrelas
_l
por
245
1
0
_a
Ouvindo estrelas
300
_a
189
362
0
_a
2005
650
4
_a
Literatura infanto-juvenil
942
_c
BK
999
_c
69336
_d
69336